00560nam a2200193Ia 450000500170000000800410001702000150005808200190007310000130009224500570010526000370016230000120019965000100021165000130022165000160023494200060025095200950025699900150035120241219002816.0240331s9999 xx 000 0 und d a8178353458 bNIR26203a305 aSinha, N 0aEmpowerment of Women Through Political Participation aDelhibKalpaz Publicationsc2007 a268 p., aWomen aPolitics aEmpowerment cL 001040708LaWERCLbWERCLcSSCd2024-03-31l0o 305 SINp6203r2024-03-31w2024-03-31yL c4485d4485